Business Accounting-2 (Record no. 3132)
[ view plain ]
| 005 - DATE AND TIME OF LATEST TRANSACTION | |
|---|---|
| control field | 20250604101932.0 |
| 020 ## - INTERNATIONAL STANDARD BOOK NUMBER | |
| International Standard Book Number | 978-0-273-76779-4 |
| 100 ## - MAIN ENTRY--PERSONAL NAME | |
| Author name | WOOD, F |
| 245 ## - TITLE STATEMENT | |
| Title | Business Accounting-2 |
| 250 ## - EDITION STATEMENT | |
| Edition statement | 12th Ed. |
| 260 ## - PUBLICATION, DISTRIBUTION, ETC. | |
| Place of publication, distribution, etc. | Harlow |
| Name of publisher, distributor, etc. | Pearson Education Limited |
| Date of publication, distribution, etc. | 2012 |
| 300 ## - PHYSICAL DESCRIPTION | |
| Extent | xxiii, 825p.: ill; graphs, tables. |
| Other physical details | Index, |
| Dimensions | 24.5 cm |
| 700 ## - ADDED ENTRY--PERSONAL NAME | |
| Other authors/Editors | SANGSTER, A |
| 942 ## - ADDED ENTRY ELEMENTS (KOHA) | |
| Source of classification or shelving scheme | Dewey Decimal Classification |
| Koha item type | Books |
| Date last seen | Total checkouts | Full call number | Barcode | Cost, replacement price | Price effective from | Koha item type | Lost status | Source of classification or shelving scheme | Damaged status | Not for loan | Withdrawn status | Home library | Current library | Shelving location | Date acquired | Source of acquisition | Cost, normal purchase price |
|---|---|---|---|---|---|---|---|---|---|---|---|---|---|---|---|---|---|
| 06/04/2025 | 657 WOO | MBY000199 | 150000.00 | 06/04/2025 | Books | Dewey Decimal Classification | CBE MBEYA | CBE MBEYA | Special Reserve Collection | 01/28/2016 | PURCHASE | 50000.00 | |||||
| 06/04/2025 | 657 WOO | MBY000201 | 150000.00 | 06/04/2025 | Books | Dewey Decimal Classification | CBE MBEYA | CBE MBEYA | Special Reserve Collection | 01/28/2016 | PURCHASE | 50000.00 | |||||
| 06/23/2025 | 657 SAN | MBY000254 | 376350.00 | 06/23/2025 | Books | Dewey Decimal Classification | CBE MBEYA | CBE MBEYA | General Collection | 06/08/2017 | Purchase | 125450.00 |
